000
00319nam a22001337a 4500
008
170714b xxu||||| |||| 00| 0 eng d
020
_a
9780140512274
041
_a
eng
080
_a
038
100
_a
26
101
_a
FJA
245
_a
DICTIONARY OF LITERARY TERMS AND LITERARY THEORY
_c
CUDDON, J.A
942
_2
udc
_c
BK
999
_c
20959
_d
20959